Statistics for Biggest Cities of the Abbasid Caliphate with a Map

Click here to take the quiz!

General Stats

  • This quiz has been taken 385 times
    (304 since last reset)
  • The average score is 23 of 45

Answers on the Map

Answers color-coded by a green-red scale on the quiz's map according to % correct below.
 

Answer Stats

PopulationCity% Correct
900kBaghdad
99%
125kFustat
98%
100kAlexandria
97%
125kDamascus
97%
85kMecca
96%
30kTunis
95%
100kMohammadiya
93%
55kAl-Quds
92%
25kBalarm
87%
55kAleppo
79%
100kBasra
79%
30kMosul
76%
35kAntioch
70%
70kIsfahan
70%
50kTiflis
70%
25kMasinah
68%
75kSamarkand
65%
35kShiraz
63%
50kQom
56%
55kMerv
54%
45kBukhara
52%
90kKairouan
48%
30kDamietta
47%
35kConstantine
45%
40kAmed
42%
75kEdessa
42%
50kTarsus
38%
65kKufa
35%
100kNishapur
34%
100kSamarra
34%
50kDerbent
31%
40kKermanshah
27%
60kMansoura
27%
60kAnbar
26%
40kBalkh
26%
25kHamadan
26%
40kMultih
24%
30kThatta
19%
40kQus
18%
45kAni
17%
25kWasit
17%
45kSiraf
16%
30kTennis
15%
40kQift
10%
40kGundeshapur
8%

Score Distribution

Percentile by Number Answered

Percent of People with Each Score

Your Score History

You have not taken this quiz since the last reset